[Event "North American Open"]
[Site "Las Vegas USA"]
[Date "2009.12.29"]
[Round "6"]
[White "Lee,Micha"]
[Black "Sundararajan,K"]
[Result "1/2-1/2"]
[WhiteElo "2363"]
[BlackElo "2516"]

1.c4 c6 2.e4 d5 3.cxd5 cxd5 4.exd5 Nf6 5.Nc3 Nxd5 6.Nf3 e6 7.Bc4 Nc6 8.O-O Be7
9.d4 O-O 10.Re1 Bf6 11.Ne4 Nce7 12.Nxf6+ Nxf6 13.Bg5 b6 14.Bxf6 gxf6 15.d5 Nxd5
16.Bxd5 Qxd5 17.Qxd5 exd5 18.Nd4 Bd7 19.Re7 Rad8 20.Rae1 Rfe8 21.Rxe8+ Rxe8
22.Rxe8+  1/2-1/2

[Event "IX Gema Open"]
[Site "Mondariz ESP"]
[Date "2009.12.29"]
[Round "6"]
[White "Teijeiro Barros,A"]
[Black "Alvarez Nistal,David"]
[Result "1-0"]
[WhiteElo "2176"]
[BlackElo "1736"]

1.c4 c6 2.Nf3 d5 3.b3 Nf6 4.Bb2 Bf5 5.g3 e6 6.Bg2 Nbd7 7.O-O Be7 8.d3 h6
9.Nbd2 O-O 10.a3 a5 11.Qc2 Qc7 12.cxd5 exd5 13.Qc3 Bh7 14.Bh3 Rfe8 15.Nd4 Bf8
16.Rfc1 Qe5 17.N2f3 Qh5 18.Bg2 c5 19.Nb5 d4 20.Qd2 Rec8 21.h3 Ne8 22.b4 cxb4
23.Nfxd4 Rab8 24.e4 Nd6 25.g4 Qg6 26.Na7 bxa3 27.Rxa3 Nc4 28.dxc4 Bxa3 29.Nxc8 Bxb2
30.Ne7+  1-0

[Event "Schachtuerken-Cup A"]
[Site "Paderborn GER"]
[Date "2009.12.29"]
[Round "6"]
[White "Levin,F"]
[Black "Turzo,A"]
[Result "1-0"]
[WhiteElo "2486"]
[BlackElo "2276"]

1.c4 c6 2.Nf3 d5 3.e3 Nf6 4.Nc3 a6 5.Qc2 g6 6.b3 Bg7 7.Bb2 Bg4 8.Be2 O-O
9.h3 Bxf3 10.Bxf3 e5 11.d3 Qd6 12.Na4 Nbd7 13.c5 Qe6 14.O-O-O Ne8 15.g3 f5
16.Kb1 Nef6 17.e4 Rad8 18.Rde1 Qf7 19.Rhf1 Rde8 20.Bg2 fxe4 21.dxe4 Nxe4
22.Bxe4 dxe4 23.Nc3 Nf6 24.g4 Bh6 25.Rg1 Bg7 26.Bc1 Nd5 27.Nxe4 Re7 28.h4 Nb4
29.Qc3 Nd5 30.Qc4 Nf6 31.Qxf7+ Rexf7 32.Nd6 Rd7 33.g5 Nd5 34.Ne4 Nb4 35.Be3 Nd5
36.Bd2 Nf4 37.Ba5 Ne6 38.Bc3 Nd4 39.Rh1 Nf3 40.Re3 Nd4 41.h5 gxh5 42.Rxh5 Ne6
43.Rh1 Nf4 44.Rf3 Rd3 45.Rxd3 Nxd3 46.Rf1 Rf4 47.f3 Rf7 48.Kc2 Nf4 49.Nd6 Rd7
50.b4 Nd5 51.Bd2 Bf8 52.Nc4 Re7 53.Re1 Bg7 54.Nd6 Rd7 55.a3 Kf8 56.Bc1 Ne7
57.Bb2 Ng6 58.Kb3 Kg8 59.Ka4 Bf8 60.Nc4  1-0

[Event "39th Rilton Cup"]
[Site "Stockholm SWE"]
[Date "2009.12.29"]
[Round "3"]
[White "Ask,J"]
[Black "Lokander,M"]
[Result "1/2-1/2"]
[WhiteElo "2183"]
[BlackElo "1820"]

1.c4 c6 2.d4 d5 3.Nc3 Nf6 4.Nf3 dxc4 5.a4 Bf5 6.Ne5 Nbd7 7.Nxc4 Nb6 8.Ne5 a5
9.f3 Nfd7 10.Nxd7 Nxd7 11.e4 Bg6 12.Qb3 Qb6 13.Qxb6 Nxb6 14.Be3 Nd7 15.Be2 e6
16.O-O Bb4 17.Rac1 O-O 18.Bc4 Rfe8 19.g4 Kh8 20.Ne2 f6 21.Rfd1 Bf7 22.Nf4 Bg8
23.Nd3 Bd6 24.f4 Rad8 25.Kg2 Bc7 26.Kf3 Nb6 27.Bb3 e5 28.d5 Nxd5 29.Bxd5 cxd5
30.Rxc7 dxe4+ 31.Ke2 exd3+  1/2-1/2

[Event "39th Rilton Cup"]
[Site "Stockholm SWE"]
[Date "2009.12.31"]
[Round "5"]
[White "Niemi,M"]
[Black "Glimbrant,T"]
[Result "1/2-1/2"]
[WhiteElo "2219"]
[BlackElo "2263"]

1.c4 c6 2.g3 d5 3.Nf3 Nf6 4.Bg2 Bf5 5.cxd5 cxd5 6.Qb3 Qc8 7.Nc3 e6 8.d3 Be7
9.Bf4 O-O 10.Rc1 Nc6 11.O-O Nh5 12.Bd2 Qd7 13.e4 dxe4 14.dxe4 Bg4 15.Be3 Nf6
16.Rfd1 Qc7 17.h3 Bxf3 18.Bxf3 Rfd8 19.Nd5 Nxd5 20.exd5 exd5 21.Bxd5 Bf6
22.Rd2 h6 23.Qc4 Rac8 24.b3 Bg5 25.Bxg5 hxg5 26.Rcd1 Qe7 27.b4 Qf6 28.b5 Ne5
29.Qe4 b6 30.Kg2 Rd7 31.Bb3 Rxd2 32.Rxd2 Rc1 33.Bc2 g6 34.Re2 Nf3 35.Qxf3 Rg1+
36.Kxg1 Qxf3 37.Re7 f5 38.Bb3+ Kf8 39.Re3 Qb7 40.Re6 Kg7 41.Re5 Qc7 42.Rd5 Qe7
43.Rd4 Kf6 44.h4 gxh4 45.Rxh4 Qe2 46.Rh7 g5 47.Rxa7 Qxb5 48.Rf7+ Kg6 49.Re7 Qc5
50.Re6+ Kg7 51.Kg2 Qb4 52.Kg1 Qd4 53.Kg2 Qb4 54.Kg1 Qd4 55.Kg2  1/2-1/2

[Event "22nd Open"]
[Site "Staufer GER"]
[Date "2010.01.02"]
[Round "3"]
[White "Zeller,F"]
[Black "Pogan,N"]
[Result "1-0"]
[WhiteElo "2415"]
[BlackElo "2140"]

1.c4 c6 2.Nf3 d5 3.b3 Nf6 4.Bb2 Bf5 5.e3 e6 6.Be2 Nbd7 7.O-O Bd6 8.cxd5 exd5
9.d3 O-O 10.Nbd2 Qe7 11.a3 Nc5 12.Qc2 Ng4 13.Qc3 f6 14.Rfe1 Ne5 15.e4 Nxf3+
16.Bxf3 dxe4 17.dxe4 Be6 18.Nc4 Be5 19.Nxe5 fxe5 20.Bd1 Rf6 21.b4 Nd7 22.Bb3 Raf8
23.f3 Bxb3 24.Qxb3+ Qe6 25.Re3 Qxb3 26.Rxb3 Kf7 27.Rd1 Ke8 28.Rbd3 R8f7 29.a4 Re6
30.Kf2 Kd8 31.Ke3 Kc7 32.Rc1 Nb6 33.a5 Nd7 34.b5 a6 35.bxa6 bxa6 36.Ba3 g5
37.Rb3 Re8 38.Rd1 Rf6 39.Rbd3 Nb8 40.Bd6+ Kc8 41.Bxb8 Kxb8 42.Rd7 c5 43.Rb1+ Kc8
44.Rxh7 Rc6 45.Rhb7 Rd8 46.Rb8+  1-0

[Event "85th Masters"]
[Site "Hastings ENG"]
[Date "2010.01.05"]
[Round "9"]
[White "Cafferty,B"]
[Black "Nomat,E"]
[Result "1-0"]
[WhiteElo "2141"]
[BlackElo "1809"]

1.c4 c6 2.f4 d5 3.e3 Nf6 4.Nf3 g6 5.Nc3 Bg7 6.d4 Bf5 7.Qb3 Qb6 8.cxd5 cxd5
9.Nxd5 Nxd5 10.Qxd5 O-O 11.Qb3 Nd7 12.Bc4 Rac8 13.Bd2 Qxb3 14.axb3 a6 15.Ke2 Rfd8
16.Rhc1 e6 17.Bb4 Be4 18.g3 Nb6 19.Ba5 Rd6 20.Bd3 Bxf3+ 21.Kxf3 Rdc6 22.Bd2 Rxc1
23.Rxc1 Rxc1 24.Bxc1 Bf8 25.e4 Nd7 26.Bd2 Bd6 27.e5 Bc7 28.Be4 b6 29.Bb7 a5
30.Bc6 Nf8 31.Ke4 Kg7 32.Kd3 f5 33.Be8 h6 34.Kc4 Bd8 35.d5 g5 36.d6 Nh7 37.Kb5 Kf8
38.Bg6 Kg7 39.Bxh7 Kxh7 40.Kc6 gxf4 41.Bxf4  1-0

[Event "ch-AUS"]
[Site "Sydney AUS"]
[Date "2010.01.08"]
[Round "6"]
[White "Johansen,D"]
[Black "Lane,G"]
[Result "1/2-1/2"]
[WhiteElo "2453"]
[BlackElo "2377"]

1.c4 c6 2.Nf3 d5 3.d4 Nf6 4.e3 e6 5.Nbd2 c5 6.b3 Nc6 7.Bb2 Be7 8.Bd3 O-O
9.O-O cxd4 10.exd4 b6 11.Rc1 Bb7 12.Qe2 Rc8 13.Rfd1 Re8 14.Qe3 Bf8 15.Ne5 g6
16.Ndf3 Bg7 17.c5 bxc5 18.Nxc6 Bxc6 19.Rxc5 Nd7 20.Rc2 Qb6 21.Rdc1  1/2-1/2

[Event "XXXV Open"]
[Site "Seville ESP"]
[Date "2010.01.09"]
[Round "2"]
[White "Lalic,B"]
[Black "Aranaz Murillo,A"]
[Result "1/2-1/2"]
[WhiteElo "2494"]
[BlackElo "2057"]

1.c4 c6 2.Nf3 d5 3.e3 Nf6 4.Nc3 a6 5.Qc2 Bg4 6.cxd5 Bxf3 7.gxf3 cxd5 8.Qb3 Qd7
9.Na4 Ra7 10.Nb6 Qc6 11.d4 Nbd7 12.Nxd7 Qxd7 13.Bd2 e6 14.Rc1 Ra8 15.Bb4 Rc8
16.Rxc8+ Qxc8 17.Kd2 Qc7 18.Bd3 Qb6 19.Qa4+ Nd7 20.Bxf8 Rxf8 21.b4 Ke7 22.b5 Rc8
23.Qa3+ Qd6 24.Qxd6+ Kxd6 25.bxa6 bxa6 26.Rb1 Rb8 27.Rxb8 Nxb8 28.Kc3 g6
29.Kb4 Kc6 30.a4 Kb6 31.a5+ Kc6 32.f4 Kd6 33.f3 f6 34.Ka4  1/2-1/2

[Event "7th World Team Championship"]
[Site "Bursa TUR"]
[Date "2010.01.10"]
[Round "6"]
[White "Vitiugov,N"]
[Black "Arun Prasad,S"]
[Result "1-0"]
[WhiteElo "2692"]
[BlackElo "2567"]

1.c4 c6 2.e4 d5 3.exd5 cxd5 4.d4 Nf6 5.Nc3 Nc6 6.Bf4 Be6 7.c5 g6 8.Bb5 Bg7
9.Nf3 O-O 10.h3 Ne4 11.Bxc6 bxc6 12.Qa4 Qc8 13.O-O Nxc3 14.bxc3 f6 15.Rfe1 Re8
16.Re3 Qd7 17.Rae1 Bf7 18.h4 Rac8 19.Qc2 Rcd8 20.Qe2 Bf8 21.Nh2 Qf5 22.Rf3 Qc8
23.Qd2 Bg7 24.Bh6 Bh8 25.h5 e5 26.dxe5 fxe5 27.Qg5 Re6 28.Ng4 Rde8 29.Nf6+ Bxf6
30.Rxf6 Qc7 31.f4 Qe7 32.Rxe6 Bxe6 33.Qxe5 Qf7 34.Qd6 Bd7 35.Rf1 Qe7 36.hxg6 Qxd6
37.cxd6 hxg6 38.Rb1 Kf7 39.Rb7 Ke6 40.Bg7 Bc8 41.Rxa7 Kxd6 42.Kf2 Bf5 43.a4 Kc5
44.Rb7 Ra8 45.Rb4 Bc2 46.a5 Kd6 47.Be5+ Ke6 48.Bc7 Kf5 49.Ke3 Be4 50.g3 Kg4
51.Kd4 Ra6 52.Kc5 Bg2 53.Rb8 Bf1 54.Rg8 Bd3 55.Re8 Bf5 56.Bb6 Kxg3 57.Kxc6 Kxf4
58.Kxd5 g5 59.c4 g4 60.Kc6 Be4+ 61.Kb5 Ra8 62.Bc7+ Kf5 63.Re5+ Kf4 64.a6 Ke3
65.Re7 Kd3 66.c5 Rg8 67.a7 Ba8 68.Bg3 Rc8 69.Re6 Kd4 70.c6 Kd5 71.Rd6+ Ke4
72.Kb6 Kf3 73.Bh4  1-0

[Event "TCh-AUT 2009-10"]
[Site "Graz AUT"]
[Date "2010.01.14"]
[Round "4"]
[White "Schlosser,P"]
[Black "Nanu,C"]
[Result "1/2-1/2"]
[WhiteElo "2556"]
[BlackElo "2506"]

1.c4 c6 2.Nf3 d5 3.d4 Nf6 4.e3 Bf5 5.Nc3 e6 6.Nh4 Be4 7.f3 Bg6 8.Qb3 Qb6
9.Nxg6 hxg6 10.Bd2 Nbd7 11.O-O-O Qxb3 12.axb3 Bd6 13.h3 Nh5 14.Bd3 Ng3 15.Rhg1 Nf5
16.Kc2 O-O-O 17.Ne2 Ng3 18.Nc3 Nf5 19.Ra1 a6 20.Rgc1 Kb8 21.Ne2 Ng3 22.Nc3 Nf5
23.Ne2 Ng3 24.Nc3  1/2-1/2

[Event "Porzellancup"]
[Site "Dresden GER"]
[Date "2010.01.16"]
[Round "3"]
[White "Hess,C1"]
[Black "Khenkin,I"]
[Result "0-1"]
[WhiteElo "2250"]
[BlackElo "2590"]

1.c4 c6 2.Nc3 d5 3.e3 Nf6 4.Nf3 e6 5.b3 Bd6 6.Qc2 O-O 7.Bb2 Nbd7 8.Be2 dxc4
9.bxc4 e5 10.O-O Re8 11.d4 e4 12.Nd2 Nf8 13.Ndxe4 Nxe4 14.Nxe4 Bf5 15.Bd3 Bxe4
16.Bxe4 Bxh2+ 17.Kxh2 Qh4+ 18.Kg1 Rxe4 19.g3 Qg4 20.Kg2 Qg6 21.Rae1 Rae8
22.Ba3 Nd7 23.Qb3 h5 24.Qxb7 Nb6 25.f3 Rxe3 26.Rxe3 Rxe3 27.Qb8+ Kh7 28.Bd6 Nxc4
29.Bf4 Qc2+ 30.Rf2 Re2 31.Rxe2 Qxe2+ 32.Kh3 Qxf3 33.Kh2 Qf2+ 34.Kh3 Qg1  0-1

[Event "8th Parsvnath Open"]
[Site "New Delhi IND"]
[Date "2010.01.16"]
[Round "4"]
[White "Ravi,L"]
[Black "Ranjan,Rak"]
[Result "1-0"]
[WhiteElo "2373"]
[BlackElo "2098"]

1.c4 c6 2.Nf3 d5 3.e3 Nf6 4.b3 Bf5 5.d4 e6 6.Bd3 Bxd3 7.Qxd3 Nbd7 8.Nbd2 Bd6
9.Bb2 O-O 10.O-O Re8 11.Ne5 c5 12.cxd5 exd5 13.Nxd7 Nxd7 14.Nf3 cxd4 15.Qxd4 Nf6
16.Rad1 Qa5 17.Qd3 Be7 18.a4 Rad8 19.Qd4 h6 20.Rd3 Rc8 21.Rfd1 Red8 22.h3 Rc2
23.Bc3 Qc7 24.Ne1 Ra2 25.Bb2 Bf8 26.Rc3 Qd7 27.Nd3 Ba3 28.Bxa3 Rxa3 29.Rdc1 Ra2
30.Nb4 Ra3 31.Nd3 Ra2 32.Qxa7 d4 33.exd4 Qxd4 34.Qxd4 Rxd4 35.Ne5 Rdd2 36.Rf3 Ne4
37.Rxf7 Nxf2 38.Rc8+ Kh7 39.Rff8 Ra1+ 40.Kh2 Rh1+ 41.Kg3 Ne4+ 42.Kf4  1-0

[Event "XXXV Open"]
[Site "Seville ESP"]
[Date "2010.01.16"]
[Round "9"]
[White "Franco Ocampos,Z"]
[Black "Justiniano Marquez,M"]
[Result "1-0"]
[WhiteElo "2535"]
[BlackElo "2077"]

1.c4 c6 2.e4 e5 3.Nf3 d6 4.d4 Bg4 5.Be3 Nd7 6.Nc3 Be7 7.Qd2 Qc7 8.Be2 Ngf6
9.O-O O-O 10.b4 Rfe8 11.Rac1 Bf8 12.d5 a6 13.a4 h6 14.a5 Reb8 15.h3 Bxf3
16.Bxf3 c5 17.Na4 b6 18.axb6 Nxb6 19.Nxb6 Rxb6 20.bxc5 dxc5 21.Qa5 Rb7 22.Ra1 Nd7
23.Qxc7 Rxc7 24.Ra5 Bd6 25.Rfa1 Rca7 26.Bd1 Bc7 27.Rxc5 Nxc5 28.Bxc5 Rb7
29.Ba3 Bd8 30.Bd6 a5 31.c5 Rb4 32.c6 Rc4 33.Be2 Rxe4 34.Bf3 Rc4 35.Bxe5 Rc8
36.Bg4 Ra8 37.Bd7 Rc5 38.Rd1 a4 39.f4 Ra6 40.Kh2 a3 41.Bd6 Rc3 42.Bf5 Ra7
43.Be5 Rc4  1-0

[Event "8th Parsvnath Open"]
[Site "New Delhi IND"]
[Date "2010.01.20"]
[Round "9"]
[White "Arkhangelsky,B"]
[Black "Abhilash,R"]
[Result "1/2-1/2"]
[WhiteElo "2291"]
[BlackElo "2120"]

1.c4 c6 2.e4 d5 3.exd5 cxd5 4.cxd5 Nf6 5.Bb5+ Bd7 6.Bc4 Qc7 7.Bb3 Nxd5 8.d4 Nf4
9.Bxf4 Qxf4 10.Ne2 Qd6 11.Nbc3 e6 12.O-O Be7 13.Ne4 Qb6 14.Nf4 O-O 15.d5 e5
16.d6 Bd8 17.Nd5 Qd4 18.Qf3 Kh8 19.Rad1 Qxb2 20.Ne7 Bc6 21.Rfe1 Nd7 22.Qf5 g6
23.Qh3 Bxe4 24.Rxe4 Nf6 25.Rb4 Bxe7 26.dxe7 Rfe8 27.Rxb7 Kg7 28.Qe3 a5 29.Qc5 Rac8
30.Qxa5 Ne4 31.Qe1 Nc5 32.Rb4 Nxb3 33.Rxb3 Qxa2 34.Qxe5+ f6 35.Qe3 Rc7 36.Re1 Qa7  1/2-1/2

[Event "IMB3"]
[Site "Marianske Lazne CZE"]
[Date "2010.01.22"]
[Round "8"]
[White "Gorbatov,A"]
[Black "Kolesar,Mil"]
[Result "1-0"]
[WhiteElo "2377"]
[BlackElo "2211"]

1.c4 c6 2.Qa4 Nf6 3.Nf3 g6 4.Nc3 Bg7 5.d4 O-O 6.Bf4 d6 7.e3 Nbd7 8.Be2 Re8
9.O-O-O Qb6 10.h3 e5 11.c5 dxc5 12.dxe5 Nh5 13.g4 Nxf4 14.exf4 Qb4 15.Qxb4 cxb4
16.Ne4 Nb6 17.Nd6 Rd8 18.Ng5 Be6 19.Nxb7 Rxd1+ 20.Bxd1 Bd5 21.Re1 f6 22.Nf3 fxe5
23.fxe5 Kf8 24.Nc5 Ke7 25.Nd4 Rf8 26.Bb3 Rxf2 27.Bxd5 cxd5 28.Nc6+ Ke8 29.Ne6 Bf8
30.Nxf8 Kxf8 31.e6 Rf4 32.b3 Nc8 33.Kd2 Ke8 34.Kd3 a6 35.Re2 Ne7 36.Nd4 g5
37.Rc2 h5 38.Rc7 hxg4 39.hxg4 Re4 40.Rb7 Ng6 41.Nf5 Nf4+ 42.Kd2 Kd8 43.e7+ Kc8
44.Nd6+  1-0

[Event "ch-UKR b18"]
[Site "Kyiv UKR"]
[Date "2010.01.26"]
[Round "1"]
[White "Kurayan,R"]
[Black "Olifir,M"]
[Result "1-0"]
[WhiteElo "2256"]
[BlackElo "1821"]

1.c4 c6 2.e4 d5 3.exd5 cxd5 4.d4 Nc6 5.Nc3 Nf6 6.Nf3 Bg4 7.cxd5 Nxd5 8.Qb3 Bxf3
9.gxf3 Nb6 10.d5 Nd4 11.Bb5+ Nxb5 12.Nxb5 a6 13.Nc3 g6 14.Be3 Nd7 15.Bd4 Nf6
16.Qxb7 Bg7 17.Qc6+ Kf8 18.O-O-O Bh6+ 19.Kb1 Kg7 20.d6  1-0

[Event "2nd Chennai Open"]
[Site "Chennai IND"]
[Date "2010.01.27"]
[Round "4"]
[White "Deshmukh,A"]
[Black "Anwesh,U"]
[Result "0-1"]
[WhiteElo "2271"]
[BlackElo "2400"]

1.c4 c6 2.Nc3 d5 3.d4 Nf6 4.Nf3 e6 5.g3 Nbd7 6.Bg2 dxc4 7.O-O Be7 8.a4 O-O
9.a5 Re8 10.Qa4 b5 11.axb6 Nxb6 12.Qc2 Bb7 13.Ne5 Qc8 14.Ne4 c5 15.dxc5 Bxe4
16.Bxe4 Nxe4 17.cxb6 axb6 18.Be3 Qb7 19.Nxc4 Rac8 20.Qb3 Qd5 21.Rac1 b5 22.Na5 Qxb3
23.Nxb3 Bf6 24.f3 Nd6 25.Bd4 e5 26.Bc3 Nc4 27.e4 Bg5 28.f4 exf4 29.gxf4 Bd8
30.e5 Bb6+ 31.Bd4 g5 32.Bxb6 Nxb6 33.Rxc8 Nxc8 34.Nd4 gxf4 35.Re1 Ne7 36.e6 b4
37.Kf2 Rc8 38.Kf3 Rc4 39.Re4 Ng6 40.exf7+ Kxf7 41.Ne2 Rc2 42.Rxb4 Ne5+ 43.Ke4 Rxe2+
44.Kf5 f3 45.Rf4 f2 46.b4 Nd3  0-1

[Event "8th Gibtelecom Masters"]
[Site "Caleta ENG"]
[Date "2010.01.28"]
[Round "3"]
[White "Webster,R"]
[Black "Henriksson,J"]
[Result "0-1"]
[WhiteElo "1961"]
[BlackElo "2204"]

1.c4 c6 2.Nf3 Nf6 3.Nc3 d5 4.d4 g6 5.g3 dxc4 6.a4 Bg7 7.Bg2 O-O 8.O-O Nd5
9.e3 Bf5 10.Ne1 Nxc3 11.bxc3 e5 12.Ba3 Re8 13.e4 Bd7 14.d5 cxd5 15.Qxd5 Qc8
16.Rb1 Bxa4 17.Rxb7 Nd7 18.Rb1 Nf6 19.Qa5 Bb3 20.Nf3 Qd8 21.Qa6 Qb6 22.Qxb6 axb6
23.Bd6 Nxe4 24.Bxe5 Bxe5 25.Nxe5 Rxe5 26.f3 Nxc3 27.Rxb3 cxb3 28.f4 Rea5  0-1

[Event "2nd Chennai Open"]
[Site "Chennai IND"]
[Date "2010.01.28"]
[Round "5"]
[White "Turov,M"]
[Black "Dimakiling,O"]
[Result "1-0"]
[WhiteElo "2584"]
[BlackElo "2435"]

1.c4 c6 2.e4 e5 3.Nf3 d6 4.Nc3 Bg4 5.Be2 Nd7 6.d4 Ngf6 7.O-O Be7 8.Be3 O-O
9.d5 a5 10.Ne1 Bxe2 11.Qxe2 a4 12.Nd3 Qa5 13.Rab1 Rfc8 14.Rfc1 Bf8 15.f3 g6
16.b4 axb3 17.axb3 cxd5 18.Nxd5 Nxd5 19.cxd5 f5 20.Rc4 Rxc4 21.bxc4 Qc7 22.Qc2 fxe4
23.fxe4 Nf6 24.Nf2 Rc8 25.Rb4 Qa5 26.Qb1 Qa6 27.c5 Qe2 28.Bg5 Nd7 29.Rb2 Qc4
30.cxd6 b6 31.Be3 Bxd6 32.h3 h5 33.Bxb6 Ba3 34.Rb3 Bf8 35.Be3 Ra8 36.Kh2 Ra4
37.Rb7 Qc3 38.Nd1 Qc8 39.Ra7 Rb4 40.Qa2 Kg7  1-0

[Event "2nd Chennai Open"]
[Site "Chennai IND"]
[Date "2010.01.28"]
[Round "5"]
[White "Koshy,V"]
[Black "Negi,V"]
[Result "1-0"]
[WhiteElo "2281"]
[BlackElo "2078"]

1.c4 c6 2.e4 d6 3.Nc3 g6 4.d4 Bg7 5.Be2 Nd7 6.Nf3 Qc7 7.O-O Ngf6 8.Re1 O-O
9.b3 c5 10.Bf1 Qa5 11.Bd2 cxd4 12.Nxd4 a6 13.Rc1 e6 14.Be3 Qc7 15.f3 Re8
16.Qd2 b6 17.Red1 Bb7 18.b4 Bf8 19.a3 Rac8 20.Nb3 Qb8 21.Kh1 h5 22.Qf2 Bc6
23.a4 Ba8 24.Rb1 Ne5 25.c5 Bb7 26.Rdc1 d5 27.exd5 exd5 28.Bd4 Bh6 29.Re1 Bg7
30.cxb6 Kh7 31.Nc5 Bf8 32.Nxb7  1-0

[Event "8th Gibtelecom Masters"]
[Site "Caleta ENG"]
[Date "2010.01.29"]
[Round "4"]
[White "Battaglini,G"]
[Black "Urbina Perez,J"]
[Result "1-0"]
[WhiteElo "2411"]
[BlackElo "2197"]

1.c4 c6 2.e4 e5 3.Nf3 d6 4.d4 Nd7 5.Nc3 Ngf6 6.Be2 Be7 7.O-O O-O 8.Re1 Re8
9.h3 Bf8 10.Bg5 exd4 11.Nxd4 Qa5 12.Qd2 a6 13.Bf1 h6 14.Bh4 Nh7 15.Nf5 Re6
16.Bg3 Ne5 17.f4 Ng6 18.Rad1 Qc7 19.a4 b6 20.Re3 Bb7 21.Rd3 Rae8 22.Nxd6 Bxd6
23.Rxd6 Rxd6 24.Qxd6 Qxd6 25.Rxd6 Nf6 26.f5 Ne5 27.Bxe5 Rxe5 28.Rd8+ Re8
29.Rxe8+ Nxe8 30.b4 f6 31.c5 b5 32.Kf2 Kf7 33.Bd3 Bc8 34.Bc2 g6 35.Kg3 Ng7
36.Bb3+ Ke7 37.fxg6 Bd7 38.axb5 axb5 39.Ne2 Be6 40.Bxe6 Nxe6 41.Kg4  1-0

[Event "LX Abto de Verano"]
[Site "Villa Ballester ARG"]
[Date "2010.01.29"]
[Round "7"]
[White "Slipak,S"]
[Black "Goldwaser,C"]
[Result "0-1"]
[WhiteElo "2449"]
[BlackElo "2441"]

1.c4 c6 2.e4 d5 3.exd5 cxd5 4.d4 Nf6 5.Nc3 e6 6.Nf3 Be7 7.Bg5 O-O 8.c5 b6
9.b4 Ne4 10.Bxe7 Qxe7 11.Qc1 a5 12.a3 axb4 13.axb4 Rxa1 14.Qxa1 Nc6 15.Qb2 bxc5
16.bxc5 Bd7 17.Be2 Rb8 18.Qa3 Ng5 19.Ne5 Nxd4 20.Qa7 Rd8 21.Bb5 Qf6 22.Nxd7 Nc2+
23.Kd2 Qxf2+ 24.Be2 Nb4 25.Qa3 d4 26.Qxb4 dxc3+ 27.Kxc3 Qxe2 28.Qd4 Ra8 29.Rb1 Ne4+
30.Kb4 Qa2 31.Qxe4 Qa4+  0-1

[Event "Open A"]
[Site "Moscow RUS"]
[Date "2010.01.31"]
[Round "2"]
[White "Deviatkin,A"]
[Black "Goganov,A"]
[Result "0-1"]
[WhiteElo "2604"]
[BlackElo "2448"]

1.c4 c6 2.b3 d5 3.Bb2 Bg4 4.Nf3 Bxf3 5.gxf3 Nf6 6.e3 e6 7.Rg1 g6 8.Nc3 Bg7
9.cxd5 exd5 10.Ba3 Bf8 11.Bxf8 Kxf8 12.Qc2 Qd6 13.f4 d4 14.Ne4 Nxe4 15.Qxe4 Nd7
16.O-O-O Re8 17.Qc2 Kg7 18.h4 a5 19.h5 a4 20.bxa4 Ra8 21.Rg5 Qa3+ 22.Qb2 Rxa4
23.Qxa3 Rxa3 24.Bc4 b5 25.h6+ Kf6 26.Bb3 c5 27.d3 Rc8 28.Kb2 Ra7 29.exd4 c4
30.Rc1 Rac7 31.dxc4 bxc4 32.Ba4 Nf8 33.Ra5 c3+ 34.Ka3 Ne6 35.d5 Nd4 36.d6 Rc4
37.Ra6 Rd8 38.d7+ Kf5 39.Bb3 Nb5+  0-1

[Event "4th SOP-SMAOK Open"]
[Site "Athens GRE"]
[Date "2010.02.02"]
[Round "4"]
[White "Tassopoulos,M"]
[Black "Zenelis,K"]
[Result "1/2-1/2"]
[WhiteElo "2243"]
[BlackElo "2172"]

1.c4 c6 2.e4 d5 3.exd5 cxd5 4.cxd5 Nf6 5.Bb5+ Nbd7 6.Nc3 a6 7.Qa4 Rb8 8.Bxd7+ Bxd7
9.Qf4 g6 10.Nf3 Bg7 11.O-O O-O 12.Re1 e6 13.dxe6 Bxe6 14.d4 Nd5 15.Nxd5 Qxd5
16.Bd2 Rbc8 17.Bc3 Rfd8 18.a3 Qb5 19.h3 Rd5 20.Nd2 Rcd8 21.Ne4 Rf5 22.Qc7 Qd5
23.Rad1 h5 24.Ng3 Rc8 25.Qe7 Rf4 26.Rxe6 fxe6 27.Re1 Bf8 28.Qxe6+ Qxe6 29.Rxe6 Kf7
30.Re3 Rd8 31.Ne4 Rd5 32.g3 Rff5 33.f4 Be7 34.h4 Kf8 35.Kg2 Rf7 36.Kf3 b6
37.Re1 Bf6 38.Bb4+ Kg7 39.Nd6 Rd7 40.Ne8+ Kf7 41.Nxf6 Kxf6 42.g4 hxg4+ 43.Kxg4 a5
44.Bc3 Re7 45.Re5 Red7 46.Re8 Re7 47.Rb8 Re6 48.Rc8 Re7 49.Rf8+ Kg7 50.Rb8 Re6
51.Rc8 Kf6 52.Kf3 Kf5 53.Rh8 Kf6 54.Rf8+ Kg7 55.Rc8 Kf6 56.Rc7 Kf5 57.Rf7+ Rf6
58.Rh7 Re6 59.h5 Kf6 60.hxg6 Kxg6 61.Rb7 Kf5 62.Rb8 Rh6 63.Rf8+ Rf6 64.Rg8 Rh6
65.Rf8+ Rf6 66.Rh8 Rg6 67.Rh5+ Ke6 68.Rh1 Kd6 69.Rh8 Kc6 70.a4 Kd6 71.Rb8 Kc7
72.Rh8 Kd6 73.Re8 Re6 74.Rf8 Rg6 75.Rf7 Ke6 76.Rb7 Kf5 77.Rb8 Rh6 78.Rf8+ Rf6
79.Rh8 Rg6 80.Rh7 Ke6 81.Ke4 Kd6 82.Rh8 Re6+ 83.Kf3 Rf6 84.Rd8+ Kc6 85.Rc8+ Kd7
86.Rh8 Kd6 87.Rb8 Kc7 88.Re8 Rdf5 89.Re4 Kd6 90.d5 Rg6 91.Be5+ Kxd5 92.Re1 Rg8
93.Rd1+ Kc4 94.Rd6 b5 95.Ke4 Rf7 96.Rd4+ Kc5 97.Rd5+ Kb4 98.Rxb5+ Kxa4 99.Rb6 Rg3
100.Bc3 Rc7 101.Be5 Rc4+ 102.Kd5 Rb4 103.Rxb4+ Kxb4 104.f5 Rf3 105.Ke6 a4
106.Bd6+ Kb3 107.Ba3 Rf2 108.f6 Rxb2 109.Bxb2 Kxb2 110.f7 a3 111.f8=Q a2
112.Qf2+ Kb1 113.Qe1+ Kb2 114.Qd2+ Kb1 115.Qd4 a1=Q 116.Qd1+ Ka2  1/2-1/2

[Event "8th Gibtelecom Masters"]
[Site "Caleta ENG"]
[Date "2010.02.02"]
[Round "8"]
[White "Tozer,Philip"]
[Black "Benitah,Y"]
[Result "0-1"]
[WhiteElo "2119"]
[BlackElo "2390"]

1.c4 c6 2.e4 d5 3.exd5 cxd5 4.cxd5 Nf6 5.Bb5+ Nbd7 6.Nc3 g6 7.d4 Bg7 8.d6 e6
9.Nf3 O-O 10.Bf4 Nb6 11.O-O Nh5 12.Qd2 Nxf4 13.Qxf4 Bd7 14.Bxd7 Qxd7 15.Ne5 Qxd6
16.Nxg6 Qxf4 17.Nxf4 Bxd4 18.Nfe2 Bg7 19.Rfd1 Rfd8 20.Rac1 Kf8 21.g3 Ke7
22.Kg2 a6 23.b3 Rxd1 24.Rxd1 Rc8 25.Rd3 Nd7 26.f4 b5 27.Kf3 Nc5 28.Re3 Rd8
29.a4 b4 30.Ne4 Nd3 31.h4 h6 32.g4 Ne1+ 33.Kf2 Rd1 34.Nc5 a5 35.Nb7 Nc2 36.Re4 Rd5
37.Rc4 Na1 38.Rc7+ Ke8 39.Rc8+ Kd7 40.Rd8+ Kc7 41.Rxd5 exd5 42.Nc5 Kc6 43.Nd3 Nxb3
44.Ne5+ Bxe5 45.fxe5 Nc5 46.Ke3 Kd7 47.Nf4 Nxa4 48.Nxd5 Nc3 49.Nb6+ Ke6 50.h5 f6
51.exf6 Kxf6 52.Nc4 a4 53.Kd3 Nd5 54.Kc2 Kg5 55.Ne5 Ne3+ 56.Kb2 Nxg4 57.Nd3 Kxh5
58.Nxb4 Kg5 59.Nc2 h5 60.Nd4 Ne5 61.Ka3 h4 62.Ne2 h3  0-1

[Event "Open A"]
[Site "Moscow RUS"]
[Date "2010.02.02"]
[Round "4"]
[White "Bu Xiangzhi"]
[Black "Matlakov,M"]
[Result "1/2-1/2"]
[WhiteElo "2673"]
[BlackElo "2587"]

1.c4 c6 2.Nf3 d5 3.e3 Nf6 4.Nc3 a6 5.Qc2 b5 6.b3 g6 7.cxd5 cxd5 8.Bb2 Bf5
9.Bd3 Bxd3 10.Qxd3 e6 11.Rc1 Nbd7 12.Ne2 Bd6 13.Rc6 Qe7 14.Bxf6 Qxf6 15.O-O Qe7
16.a4  1/2-1/2

[Event "Open A"]
[Site "Moscow RUS"]
[Date "2010.02.02"]
[Round "4"]
[White "Andreikin,D"]
[Black "Goganov,A"]
[Result "1-0"]
[WhiteElo "2635"]
[BlackElo "2448"]

1.c4 c6 2.e4 d5 3.exd5 cxd5 4.d4 Nf6 5.Nc3 Nc6 6.Bg5 e6 7.Nf3 Be7 8.c5 O-O
9.Bb5 Ne4 10.Bxe7 Nxe7 11.Rc1 b6 12.c6 Qd6 13.O-O a6 14.Bd3 Nxc6 15.Bxe4 dxe4
16.Nxe4 Qd5 17.Nc3 Qd6 18.d5 Ne5 19.Nxe5 Qxe5 20.Re1 Qg5 21.Qd4 exd5 22.h4 Qg4
23.Qxg4 Bxg4 24.Nxd5 b5 25.f3 Be6 26.Nc7 Rac8 27.b3 Rfd8 28.Nxa6 Ra8 29.Nb4 Rd4
30.Re4 Rxe4 31.fxe4 Kf8 32.Rc5 Bd7 33.Kf2 Ke7 34.Ke3 Kd6 35.Kd4 f6 36.g3 h6
37.Rd5+ Kc7 38.Kc5 Re8 39.Rd6 Rxe4 40.Nd5+ Kd8 41.Nb6 Re5+ 42.Kb4 Kc7 43.Nxd7 Kxd6
44.Nxe5 fxe5 45.a4  1-0

[Event "15th HIT Open A"]
[Site "Nova Gorica SLO"]
[Date "2010.02.02"]
[Round "4"]
[White "Miezis,N"]
[Black "Markus,Rob"]
[Result "1/2-1/2"]
[WhiteElo "2533"]
[BlackElo "2620"]

1.c4 c6 2.e4 e5 3.Nf3 d6 4.Nc3 Nf6 5.d4 Nbd7 6.h3 g6 7.Be3 Bg7 8.g3 O-O 9.Bg2 b5
10.dxe5 dxe5 11.Nd2 a6 12.O-O Bb7 13.Nb3 Rc8 14.Qe2 Qe7 15.Rfd1 Rfd8 16.Rd2 Nf8
17.Bc5 Qe8 18.Bd6 c5 19.cxb5 axb5 20.Nxc5 Rxd6 21.Nxb7 Rxd2 22.Qxd2 Ne6 23.Rd1 Rb8
24.Nd6 Qc6 25.Nf5 Qc5 26.Qd6 Qxd6 27.Nxd6 Nd4 28.Bf1 b4 29.Ncb5 Rd8 30.Rd3 Bf8
31.Nxd4 Rxd6 32.Nf3 Ra6 33.Nxe5 Rxa2 34.Rf3 Kg7 35.Bc4 Rxb2 36.g4 h6 37.Nd7 Rc2  1/2-1/2

[Event "ch-ROU w"]
[Site "Baile Olanesti ROU"]
[Date "2010.02.03"]
[Round "5"]
[White "Lolici,I"]
[Black "Anusca,M"]
[Result "1-0"]
[WhiteElo "1960"]
[BlackElo "2024"]

1.c4 c6 2.g3 d5 3.Bg2 Nf6 4.Qc2 Bg4 5.Nf3 Nbd7 6.d3 e6 7.O-O Bd6 8.b3 O-O
9.Bb2 Qe7 10.Nbd2 Ba3 11.Bxa3 Qxa3 12.h3 Bh5 13.Rab1 a5 14.g4 Bg6 15.Nh4 Qe7
16.Nxg6 hxg6 17.d4 Rfe8 18.e4 dxe4 19.Nxe4 Nxe4 20.Qxe4 Nf6 21.Qe2 Rad8 22.Rbd1 Rd7
23.Rd3 Qd8 24.Rfd1 Qc7 25.Qd2 Red8 26.Qg5 Nh7 27.Qc5 Rd6 28.Qe5 R6d7 29.Qxc7 Rxc7
30.d5 exd5 31.cxd5 cxd5 32.Rxd5 Rxd5 33.Rxd5 Rc1+ 34.Kh2 b6 35.a4 Rc8 36.Rb5 Rb8
37.b4 axb4 38.Rxb4 Nf6 39.a5 Ne8 40.a6 Nc7 41.a7  1-0

[Event "Georgi Tringov Mem"]
[Site "Plovdiv BUL"]
[Date "2010.02.04"]
[Round "7"]
[White "Dimitrov,R"]
[Black "Miljkovic,Mir1"]
[Result "0-1"]
[WhiteElo "2394"]
[BlackElo "2477"]

1.c4 c6 2.Nc3 d5 3.d4 Nf6 4.Nf3 g6 5.e3 Bg7 6.Bd3 O-O 7.O-O dxc4 8.Bxc4 Nbd7
9.e4 b5 10.Bd3 e5 11.dxe5 Ng4 12.Bg5 Qe8 13.Bxb5 cxb5 14.Nd5 Ndxe5 15.Nc7 Qc6
16.Rc1 Qxe4 17.Re1 Nxf3+ 18.gxf3 Qf5 19.Be7 Ne5 20.Rxe5 Bxe5 21.Bxf8 Qg5+
22.Kh1 Bh3  0-1